000 00651cam a2200181 i 4500
005 20260330132219.0
008 250721s1994 jo gr 000 0 ara d
082 1 4 _a347.94
_bق ض ا
100 1 _aالقضاه، مفلح عواد
_eمؤلف.
245 1 0 _aالبينات في المواد المدنية و التجارية :
_bدراسة مقارنة /
_cتأليف الدكتور مقلح عواد القضاة.
250 _aالطبعة الثانية.
264 3 1 _aعمان :
_c1994.
_b[غير معرف]،
300 _a270 صفحة.
650 1 7 _aالقانون.
650 1 7 _aالدليل.
942 _2ddc
_cBK
999 _c3332
_d3332